LEADER 02984nam 2200637Ia 450 001 996320243403316 005 20230721005738.0 010 $a1-282-45618-0 010 $a9786612456183 010 $a92-4-068414-X 035 $a(CKB)2550000000005660 035 $a(EBL)476155 035 $a(OCoLC)609852924 035 $a(SSID)ssj0000358767 035 $a(PQKBManifestationID)11305176 035 $a(PQKBTitleCode)TC0000358767 035 $a(PQKBWorkID)10382246 035 $a(PQKB)10965637 035 $a(MiAaPQ)EBC476155 035 $a(Au-PeEL)EBL476155 035 $a(CaPaEBR)ebr10363988 035 $a(CaONFJC)MIL245618 035 $a(EXLCZ)992550000000005660 100 $a20100323d2009 uf 0 101 0 $aeng 135 $aur|n|---||||| 181 $ctxt 182 $cc 183 $acr 200 00$aDengue$b[electronic resource] $eguidelines for diagnosis, treatment, prevention, and control 205 $aNew ed. 210 $aGeneva $cTDR $cWorld Health Organization$d2009 215 $a1 online resource (158 p.) 300 $a"WHO/HTM/NTD/DEN/2009.1." 300 $aA joint publication of the World Health Organization (WHO) and the Special Programme for Research and Training in Tropical Diseases (TDR). 311 $a92-4-154787-1 320 $aIncludes bibliographical references. 327 $aCover; Title page; Copyright; Contents; Preface; METHODOLOGY; ACKNOWLEDGEMENTS; ABBREVIATIONS; CHAPTER 1: Epidemiology, burden of disease and transmission; CHAPTER 2: Clinical management and delivery of clinical services; CHAPTER 3: Vector management and delivery of vector control services; CHAPTER 4: Laboratory diagnosis and diagnostic tests; CHAPTER 5: Surveillance, emergency preparedness and response; CHAPTER 6: New avenues 330 $aThis new edition has been produced to make widely available to health practitioners, laboratory personnel, those involved in vector control and other public health officials, a concise source of information of worldwide relevance on dengue. The guidelines provide updated practical information on the clinical management and delivery of clinical services; vector management and delivery of vector control services; laboratory diagnosis and diagnostic tests; and surveillance, emergency preparedness and response. Looking ahead, some indications of new and promising avenues of research are also descr 606 $aDengue 606 $aDengue$xPrevention 606 $aVector control 615 0$aDengue. 615 0$aDengue$xPrevention. 615 0$aVector control. 676 $a614.571 712 02$aSpecial Programme for Research and Training in Tropical Diseases. 712 02$aWorld Health Organization. 712 02$aWorld Health Organization.$bEpidemic and Pandemic Alert and Response. 801 0$bMiAaPQ 801 1$bMiAaPQ 801 2$bMiAaPQ 906 $aBOOK 912 $a996320243403316 996 $aDengue$91960706 997 $aUNISA LEADER 02071nas 2200673-a 450 001 996213346503316 005 20230224213018.0 011 $a1869-6961 035 $a(OCoLC)688485770 035 $a(CKB)2650000000000127 035 $a(CONSER)--2011243589 035 $a(DE-599)ZDB2566702-6 035 $a(MiFhGG)02Q8 035 $a(MiAaPQ)2034778 035 $a(EXLCZ)992650000000000127 100 $a20101201a20109999 --- - 101 0 $aeng 135 $aur||||||||||| 181 $ctxt$2rdacontent 182 $cc$2rdamedia 183 $acr$2rdacarrier 200 00$aDiabetes therapy $eresearch, treatment and education of diabetes and related disorders 210 $a[New York] $cSpringer Healthcare$d2010- 215 $a1 online resource 300 $aRefereed/Peer-reviewed 300 $aTitle from contents screen (SpringerLink, viewed Dec. 1, 2010). 311 $a1869-6953 531 $aDIABETES THER 531 10$aDiabetes Ther 606 $aDiabetes$vPeriodicals 606 $aDiabetes$xResearch$vPeriodicals 606 $aCardiology$vPeriodicals 606 $aEndocrinology$vPeriodicals 606 $aDiabetes Mellitus 606 $aDiabetes Complications 606 $aCardiovascular Diseases 606 $aEndocrine System Diseases 606 $aCardiology$2fast$3(OCoLC)fst00847121 606 $aDiabetes$2fast$3(OCoLC)fst00892147 606 $aDiabetes$xResearch$2fast$3(OCoLC)fst00892188 606 $aEndocrinology$2fast$3(OCoLC)fst00909749 608 $aPeriodical. 608 $aPeriodicals.$2fast 615 0$aDiabetes 615 0$aDiabetes$xResearch 615 0$aCardiology 615 0$aEndocrinology 615 12$aDiabetes Mellitus. 615 22$aDiabetes Complications. 615 22$aCardiovascular Diseases. 615 22$aEndocrine System Diseases. 615 7$aCardiology. 615 7$aDiabetes. 615 7$aDiabetes$xResearch. 615 7$aEndocrinology. 906 $aJOURNAL 912 $a996213346503316 996 $aDiabetes therapy$91973918 997 $aUNISA